000 00296nam a22001337a 4500
008 170214b xxu||||| |||| 00| 0 eng d
020 _a1556640544
041 _aeng
080 _24TH
_a61
100 _a4
101 _aSHM
245 _aEARLY CARE OF THE INJURED PATIENT
_cMOORE
942 _2udc
_cBK
999 _c5359
_d5359